Communication of information in policy campaigns : issue of islands : diploma thesis

Σκοπός αυτής της διπλωματικής είναι να αναδείξει πως οι αρχές και τα μοντέλα της σχεδίασης πληροφορίας και της θεωρίας επικοινωνίας μπορούν να εφαρμοστούν σε θέματα πολιτικής, με σκοπό τη δημιουργία καμπανιών - σαν σύνολο - αλλά και σχεδιαστικών προϊόντων που περιέχονται σε καμπάνιες, όπως τα infogr...

Full description

Saved in:
Bibliographic Details
Main Author: Ηλιοπούλου, Αφροδίτη
Corporate Author: Πανεπιστήμιο Αιγαίου. Σχολή Θετικών Επιστημών. Τμήμα Μηχανικών Σχεδίασης Προϊόντων και Συστημάτων
Other Authors: Μπρισνόβαλη, Αγγελική (dgsf [Επιβλέπουσα καθηγήτρια])
Format: Thesis Book
Language:English
Published: 2016.
Subjects:
Online Access:http://hdl.handle.net/11610/20090
Tags: Add Tag
No Tags, Be the first to tag this record!

MARC

LEADER 00000cam a2200000 a 4500
001 1/112910
008 170202s2016####gr | ||| |||| ||eng||
040 |a GR-MyUa  |b gre  |c GR-MyUa  |e AACR2 
041 0 |a eng 
082 7 |a 324.73   |2 (23)  
100 1 |a Ηλιοπούλου, Αφροδίτη. 
245 1 0 |a Communication of information in policy campaigns :   |b issue of islands : diploma thesis /   |c Afroditi Iliopoulou ; supervisor Brisnovali Angela.  
260 |c 2016.  
300 |a 127 σ. :   |b εικ. ;   |c 30 εκ.  
502 |a Πτυχιακή εργασία - Πανεπιστήμιο Αιγαίου, Σύρος, 2016.  
504 |a Βιβλιογραφία: σ. 109-112.  
520 8 |a Σκοπός αυτής της διπλωματικής είναι να αναδείξει πως οι αρχές και τα μοντέλα της σχεδίασης πληροφορίας και της θεωρίας επικοινωνίας μπορούν να εφαρμοστούν σε θέματα πολιτικής, με σκοπό τη δημιουργία καμπανιών - σαν σύνολο - αλλά και σχεδιαστικών προϊόντων που περιέχονται σε καμπάνιες, όπως τα infographics. Παράλληλα, εξετάζεται και ο ρόλος του διαδικτύου κατά τη διάρκεια των καμπανιών, από την πλευρά του κοινού αλλά και από αυτήν των πολιτικών, ενώ παρατίθενται και εικόνες οι οποίες τεκμηριώνουν όλα τα παραπάνω. Στη συνέχεια θα δούμε πως αυτές οι αρχές εφαρμόστηκαν με σκοπό τη δημιουργία της δημόσιας εικόνας του συλλόγου ρευματοπαθών και φίλων Κυκλάδων "Ίασις", ενώ ακολουθεί ένα ακόμα πρότζεκτ. Το πρότζεκτ αυτό είναι ένα σχεδιαστικό - πολιτικό προϊόν, το οποίο οπτικοποιεί τα προβλήματα των Μικρών Κυκλάδων. Τα προβλήματα αυτά είναι μεν γνωστά στους κατοίκους, που τα βιώνουν καθημερινά, αλλά δυστυχώς δεν υπάρχει κάποια επίσημη ή ανεπίσημη πληροφόρηση για αυτά, κυρίως από τη μεριά της πολιτείας. Ως εκ τούτου, ο σκοπός αυτού του σχεδιαστικού - πολιτικού προϊόντος είναι η ευαισθητοποίηση, με σκοπό την κινητοποίηση του κοινού για τα προβλήματα αυτά. Εκτενής αναφορά γίνεται και στη διαδικασία της αξιολόγησης, η οποία ανατροφοδοτεί τη σχεδιαστική διαδικασία, ενώ στο τέλος από την όλη διαδικασία (έρευνα - σχεδίαση - αξιολόγηση) προκύπτουν και κάποια ερωτήματα για μελλοντική έρευνα. 
650 0 |a Dissertations, Academic  |z Greece. 
650 0 |a Communication in politics. 
650 0 |a Political campaigns. 
650 0 |a Internet in political campaigns. 
650 0 |a Online social networks  |x Political aspects. 
700 1 |a Μπρισνόβαλη, Αγγελική,  |e dgsf [Επιβλέπουσα καθηγήτρια] 
710 2 |a Πανεπιστήμιο Αιγαίου.   |b Σχολή Θετικών Επιστημών.   |b Τμήμα Μηχανικών Σχεδίασης Προϊόντων και Συστημάτων. 
852 |a INST  |b SYROS  |c DIATR  |e 20170216  |h 324.73 ΗΛΙ  |p 005500012913  |q 005500012913  |t DIE  |y 23 
856 |u http://hdl.handle.net/11610/20090 
924 |a Ηλιοπούλου  |b Αφροδίτη  |y Σύρος  |z 2016-06 
970 |a Κοντού  |b Παρασκευή  |z 02/02/2017